Guess the Taylor Swift song no hints #13 - Statistics

General Stats
  • This quiz has been taken 74 times
  • The average score is 178 of 261
Answer Stats
Answer % Correct
a
100%
I
98%
I, I, I
98%
you
94%
my
92%
it
90%
the
90%
we
90%
is
88%
it's
88%
And
87%
and
87%
do
87%
your
87%
Your
87%
know
85%
This
85%
to
85%
you're
85%
That
83%
but
81%
But
81%
If
81%
if
81%
like
81%
of
81%
all
79%
As
79%
as
79%
say
79%
too
79%
I'll
77%
be
75%
don't
75%
hear
75%
they
73%
get
69%
night
69%
think
69%
with
69%
are
67%
I'd
67%
just
67%
Out
67%
would
65%
mine
63%
will
63%
mind
62%
can't
60%
has
58%
should
58%
Eye
56%
eye
56%
hands
54%
nothing
54%
treacherous
52%
alone
50%
home
48%
long
48%
stay
48%
anything
46%
away
46%
through
46%
Two
46%
close
44%
follow
44%
lips
44%
Put
44%
shine
44%
headlights
42%
much
42%
slope
42%
own
40%
sleepless
40%
worth
40%
going
38%
quicksand
38%
reckless
38%
Til
38%
touch
38%
along
37%
dangerous
37%
drive
37%
name
37%
voice
37%
walk
37%
decide
35%
focus
35%
Getting
35%
gravity's
35%
path
35%
sound
35%
bone
33%
choice
33%
flow
33%
hope
33%
skin
33%
swept
33%
Asking
31%
echoed
31%
Forever
31%
safe
31%
smart
31%
Trained
31%
daydream
29%
friction
25%
No matching quizzes found
Score Distribution
Percent of People with Each Score
Percentile by Number Answered
Your Score History
You have not taken this quiz